000
00266nam a22001217a 4500
003
SGT
082
_a
512.7,HAR
100
_a
HARDY G.H.
245
_a
AN INTRODUCTION TO THE THEORY OF NUMBERS
260
_b
OXFORD PUB.
_c
2008
300
_a
600
942
_2
ddc
_c
GF BOOKS
999
_c
34412
_d
34412